Gottfried Wilhelm Leibniz: Sämtliche schriften und briefe
Uloženo v:
| Korporativní autor: | |
|---|---|
| Médium: | Kniha |
| Jazyk: | němčina |
| Vydáno: |
Berlín
Akademie
1970
|
| Témata: | |
| Tagy: |
Přidat tag
Žádné tagy, Buďte první, kdo vytvoří štítek k tomuto záznamu!
|
MARC
| LEADER | 00000nam a2200000 a 4500 | ||
|---|---|---|---|
| 001 | UCR3194 | ||
| 003 | CL-VaPUC | ||
| 005 | 20211117074526.0 | ||
| 008 | 980124e19700000GW |||||||||||||||||ger|d | ||
| 999 | |c 266290 |d 266288 | ||
| 040 | |c Pontificia Universidad Católica de Valparaíso | ||
| 082 | 0 | 4 | |a 340.1 |b DEU |2 21 |
| 110 | 2 | |a Deutschen Akademie der Wissenschaften zu Berlin |e author |9 402053 | |
| 245 | 1 | 0 | |a Gottfried Wilhelm Leibniz: Sämtliche schriften und briefe |
| 260 | |a Berlín |b Akademie |c 1970 | ||
| 300 | |a v | ||
| 500 | |a v.1 p.1-2: Allgemeiner politischer und historischer briefwechsel 1668-1679 | ||
| 500 | |a v.2 p.1: Philosophischer briefwechsel: 1663-1685 | ||
| 583 | |a last modification |c 19980124 00:00:00 |k Rodrigo Vera | ||
| 600 | |a Leibniz, Gottfried Wilhelm |d 1646-1716 |9 860284 | ||
| 650 | 0 | |a Filosofía del derecho |9 255050 | |
| 650 | 7 | |a FILOSOFIA POLITICA |2 CL-VaPUC |9 402054 | |
| 650 | 0 | |a Derecho alemán |9 385144 | |
| 650 | 7 | |a FILOSOFOS ALEMANES |2 CL-VaPUC |9 402055 | |
| 650 | 0 | |a Historia del derecho |9 255109 | |
| 651 | 0 | |a Alemania |9 255688 | |
| 942 | |c BK |2 ddc | ||
| 945 | |d 19980124 00:00:00 |a cmena | ||
| 952 | |0 0 |1 0 |4 0 |6 340_100000000000000_DEU_1970 |7 0 |8 DER_HIS |9 297725 |a BIBDER |b BIBDER |d 2019-11-20 |h v.1 p.1 |i 1940465 |o 340.1 DEU 1970 |p 1940465 |r 2023-01-25 |w 2019-11-20 |x Ubicación 4to Piso |y BK_X |z Estos recursos deben solicitarse con anticipación |k DER | ||
| 952 | |0 0 |1 0 |4 0 |6 340_100000000000000_DEU_1970 |7 0 |8 DER_HIS |9 297726 |a BIBDER |b BIBDER |d 2019-11-20 |h v.1 p.2 |i 1940473 |o 340.1 DEU 1970 |p 1940473 |r 2023-01-25 |w 2019-11-20 |x Ubicación 4to Piso |y BK_X |z Estos recursos deben solicitarse con anticipación |k DER | ||
| 952 | |0 0 |1 0 |4 0 |6 340_100000000000000_DEU_1970 |7 0 |8 DER_HIS |9 297727 |a BIBDER |b BIBDER |d 2019-11-20 |h v.2 p.1 |i 1940481 |o 340.1 DEU 1970 |p 1940481 |r 2023-01-25 |w 2019-11-20 |x Ubicación 4to Piso |y BK_X |z Estos recursos deben solicitarse con anticipación |k DER | ||